| 000 | 01104nam a2200241Ia 4500 | ||
|---|---|---|---|
| 003 | Ost | ||
| 005 | 20260507075246.0 | ||
| 008 | 260507s9999||||xx |||||||||||||| ||und|| | ||
| 020 | _a56798799539 | ||
| 040 | _cfsecg | ||
| 041 | _aara | ||
| 082 | _a330 | ||
| 100 |
_aبولكسي، مارجريت أم. _eمؤلف |
||
| 245 | 0 |
_aالصمود و التنافس في مواجهة التحديات العملية : _bالاقتصاد الاستثمار ، الأمن ، المجتمع / _c مارجريت أم. بولكسي |
|
| 260 |
_aبيروت: _bالدار العربية للعلوم, _c2009 |
||
| 300 |
_a183 صفحة؛ _bإيضاحات ؛ _c22 سم |
||
| 504 | _aمراجع ص.165؛ هوامش ص.177 | ||
| 520 | _aفي ظل بريق نجمة خافتة- أجزاء من هنا ومن هناك- أهمية العقل- التفكير المطلق- التماس الطريق- من عقل الى عقل- وعاد بريق نجمتنا الخافتة. | ||
| 653 | _aالاستثمار | ||
| 653 | _aالاقتصاد | ||
| 700 |
_aدار الترجمة _eمؤلف ثانوي |
||
| 942 | _cكتاب | ||
| 999 |
_c43657 _d43657 |
||